Curso de gramática histórica española / (Record no. 89860)

MARC details
000 -LEADER
campo de control de longitud fija 00726nam a2200217 i 4500
001 - NÚMERO DE CONTROL
campo de control 89860
003 - IDENTIFICADOR DE NÚMERO DE CONTROL
campo de control ES-MaACL
007 - CAMPO FIJO DE DESCRIPCIÓN FÍSICA--INFORMACIÓN GENERAL
campo de control de longitud fija t|
008 - DATOS DE LONGITUD FIJA--INFORMACIÓN GENERAL
campo de control de longitud fija 050114s1984 sp ||||1| spa d
100 1# - ENTRADA PRINCIPAL--NOMBRE DE PERSONA
Nombre de persona Lathrop, Thomas A.
9 (RLIN) 70522
245 10 - MENCIÓN DEL TÍTULO
Título Curso de gramática histórica española /
Mención de responsabilidad, etc. Thomas A. Lathrop ; con la colaboración de Juan Gutiérrez Cuadrado ; [traducción de Juan Gutiérrez Cuadrado y Ana Blas].
250 ## - MENCION DE EDICION
Mención de edición [1ª ed.].
260 ## - PUBLICACIÓN, DISTRIBUCIÓN, ETC.
Lugar de publicación, distribución, etc. Barcelona :
Nombre del editor, distribuidor, etc. Ariel,
Fecha de publicación, distribución, etc. [1984]
300 ## - DESCRIPCIÓN FÍSICA
Extensión 387 p. ;
Dimensiones 21 cm.
490 1# - MENCIÓN DE SERIE
Mención de serie Letras e ideas
700 1# - ENTRADA AGREGADA--NOMBRE PERSONAL
Nombre de persona Gutiérrez Cuadrado, Juan.
9 (RLIN) 61109
700 1# - ENTRADA AGREGADA--NOMBRE PERSONAL
Nombre de persona Blas, Ana.
9 (RLIN) 29341
830 0# - PUNTO DE ACCESO ADICIONAL DE SERIE-TÍTULO UNIFORME
Título uniforme Letras e ideas
9 (RLIN) 176527
852 ## - LOCALIZACIÓN
Ubicación ES-MaACL
Número de control de estantería L-6561
Sublocalización o colección R.106965
Holdings
Estatus retirado Estado de pérdida Estado de daño No para préstamo Biblioteca de origen Biblioteca actual Ubicación en estantería Fecha de adquisición Fuente de adquisición Total de préstamos Signatura topográfica completa Código de barras Visto por última vez Precio de reemplazo Tipo de ítem Koha
        Biblioteca del Ateneo de Madrid Biblioteca del Ateneo de Madrid Depósito 2 17/01/2008     L-6561 1093843 23/02/2023 23/02/2023 Libro impreso